00488nam a2200181Ia 450000500170000000800410001704000190005804100120007708200130008910000170010224500590011926000260017830000170020450400320022165000260025370000160027985000110029520230914092035.0131103s9999 xx 000 0 und d aLoreto College aEnglish a242bBUR aBurke, Carl  aGod Is For Real, MancCarl Burke; illustrated by Papas aLondonbCollinsc1968 a144p.b ill. aIncludes notes and glossary aDevotional literature aPapas; ill. aLCLIB